00426nam a2200121Ia 4500008004100000082001900041100003200060245006300092300002100155942000700176999001900183952010200202230907s9999||||xx |||||||||||||| ||und|| a333.796517,THO aThollander, Patrik.9115091 0aImproving energy efficiency in industrial energy systems : axvi, 151 pages : cBK c597530d597530 00104070aCAS-EbCAS-Ed2018-04-09l0o333.796517,THOpCAS-E0001629r2023-09-12w2023-09-12yBK